[Event "Itzehoe op"]
[Site "Itzehoe"]
[Date "2022.10.02"]
[Round "3"]
[White "Pitic, Jasmin"]
[Black "Colbow, Collin"]
[Result "1/2-1/2"]
[WhiteElo "2069"]
[BlackElo "2379"]
[PlyCount "140"]
[EventDate "2022.10.01"]
[EventType "swiss"]
[EventRounds "5"]
[EventCountry "GER"]
[SourceTitle "CBM 210 Extra"]
[Source "ChessBase"]
[SourceDate "2022.11.30"]
[SourceVersion "1"]
[SourceVersionDate "2022.11.30"]
[SourceQuality "1"]

1. d4 Nf6 2. c4 e6 3. g3 d5 4. Nf3 Be7 5. Bg2 dxc4 6. 0-0 b5 7. Ne5 Nd5 8. a4 c6 9. e4 Nc7 10. Be3 0-0 11. b3 f6 12. Nf3 Ba6 13. bxc4 bxc4 14. Qc2 c5 15. dxc5 Nc6 16. Na3 Qd3 17. Rfc1 Nb4 18. Qc3 Qxc3 19. Rxc3 f5 20. Nb5 Bxb5 21. axb5 fxe4 22. Nd4 Bxc5 23. Rxc4 Bxd4 24. Bxd4 Nbd5 25. Rxa7 Rxa7 26. Bxa7 Nxb5 27. Be3 Nd6 28. Ra4 Rc8 29. Bh3 Kf7 30. Bd4 Nf5 31. Ra7+ Nfe7 32. Ra6 Rc1+ 33. Kg2 Nc6 34. Be3 Rc2 35. Kg1 Nxe3 36. fxe3 Ne5 37. Bxe6+ Ke7 38. Bf5 Nf3+ 39. Kf1 Nxh2+ 40. Kg1 Nf3+ 41. Kf1 Ng5 42. Ra4 Rc5 43. Bxe4 Re5 44. Bg2 Rxe3 45. Kf2 Rb3 46. Bf1 Rf3+ 47. Kg2 Rc3 48. Rc4 Re3 49. Kf2 Rf3+ 50. Kg2 Re3 51. Kf2 Re6 52. Bg2 Rf6+ 53. Ke3 Nf7 54. Bd5 Nd6 55. Rf4 Rg6 56. Kf3 Rg5 57. Be4 h6 58. Bd3 Nf7 59. Kf2 Ra5 60. Rb4 Ne5 61. Bb1 Ra3 62. Rb7+ Kf6 63. Rb6+ Kg5 64. Rb5 Kf6 65. Rb6+ Ke7 66. Rb7+ Kf8 67. Rb8+ Kf7 68. Rb7+ Kf6 69. Rb6+ Kg5 70. Rb5 Kf6 1/2-1/2

[Event "Rheinland Pfalz op 7th"]
[Site "Frankenthal"]
[Date "2015.06.06"]
[Round "5"]
[White "Kugel, Norbert"]
[Black "Pitic, Jasmin"]
[Result "1-0"]
[WhiteElo "1885"]
[BlackElo "2120"]
[PlyCount "77"]
[EventDate "2015.06.04"]
[EventType "swiss"]
[EventRounds "7"]
[EventCountry "GER"]
[SourceTitle "EXT 2017"]
[Source "ChessBase"]
[SourceDate "2016.10.25"]
[SourceVersion "1"]
[SourceVersionDate "2016.10.25"]
[SourceQuality "1"]

1. d4 Nf6 2. Nf3 e6 3. e3 b6 4. Nbd2 Bb7 5. Bd3 c5 6. 0-0 Be7 7. b3 0-0 8. Bb2 d5 9. Ne5 Nbd7 10. Qf3 Rc8 11. Qh3 g6 12. Ndf3 Ne4 13. Nxd7 Qxd7 14. dxc5 bxc5 15. Bxe4 dxe4 16. Qh6 f6 17. Ng5 Bd6 18. Rad1 Rc7 19. Nxh7 Qxh7 20. Qxh7+ Kxh7 21. Rxd6 e5 22. Rfd1 Kg7 23. Bc3 Rff7 24. Ba5 Rc6 25. c4 Rxd6 26. Rxd6 Kf8 27. Bd8 Kg7 28. Kf1 f5 29. Re6 f4 30. Re7 fxe3 31. Rxf7+ Kxf7 32. fxe3 Bc8 33. Bc7 Ke6 34. h3 Bd7 35. g4 Be8 36. Kf2 Bd7 37. Kg3 a6 38. Kh4 Be8 39. Kg5 1-0

[Event "Rheinland Pfalz op 7th"]
[Site "Frankenthal"]
[Date "2015.06.06"]
[Round "6"]
[White "Pitic, Jasmin"]
[Black "Weber, Rolf"]
[Result "1/2-1/2"]
[WhiteElo "2120"]
[BlackElo "1970"]
[PlyCount "41"]
[EventDate "2015.06.04"]
[EventType "swiss"]
[EventRounds "7"]
[EventCountry "GER"]
[SourceTitle "EXT 2017"]
[Source "ChessBase"]
[SourceDate "2016.10.25"]
[SourceVersion "1"]
[SourceVersionDate "2016.10.25"]
[SourceQuality "1"]

1. Nf3 e6 2. d4 d5 3. c4 c6 4. e3 Nf6 5. Nc3 Be7 6. Qc2 Nbd7 7. Bd3 b6 8. cxd5 cxd5 9. Qa4 0-0 10. Qc6 Rb8 11. Qa4 a6 12. 0-0 b5 13. Qc2 h6 14. b3 Bb7 15. Bb2 Rc8 16. Qe2 Qb6 17. Nd2 Rc7 18. Rfc1 Rfc8 19. Rc2 Qa5 20. Rac1 Bd6 21. f4 1/2-1/2

[Event "Ludwigshafen-ch 21st"]
[Site "Ludwigshafen"]
[Date "2007.09.06"]
[Round "6"]
[White "Pitic, Jasmin"]
[Black "Behling, Robert"]
[Result "0-1"]
[WhiteElo "2230"]
[BlackElo "2251"]
[PlyCount "156"]
[EventDate "2007.08.25"]
[EventType "swiss"]
[EventRounds "7"]
[EventCountry "GER"]
[SourceTitle "EXT 2008"]
[Source "ChessBase"]
[SourceDate "2007.11.25"]
[SourceVersion "1"]
[SourceVersionDate "2007.11.25"]
[SourceQuality "1"]

1. Nf3 Nf6 2. d4 g6 3. c4 Bg7 4. Nc3 0-0 5. e4 d6 6. Be2 e5 7. 0-0 Na6 8. Re1 c6 9. Be3 Ng4 10. Bg5 f6 11. Bc1 Nh6 12. Be3 Ng4 13. Bc1 Qe8 14. h3 Nh6 15. dxe5 dxe5 16. b3 Be6 17. Ba3 Rf7 18. Qc2 Bf8 19. Bxf8 Qxf8 20. Rad1 Rd8 21. Rxd8 Qxd8 22. Rd1 Rd7 23. Rxd7 Qxd7 24. a3 Nf7 25. Qd2 b6 26. Qxd7 Bxd7 27. b4 Nc7 28. Nd2 Kf8 29. h4 Ke7 30. g3 Ne6 31. Bd3 Nd4 32. f3 Nd8 33. Kf2 N8e6 34. Ke3 h5 35. f4 Nc7 36. Nf3 Nxf3 37. Kxf3 Bg4+ 38. Ke3 Ne6 39. fxe5 fxe5 40. Ne2 Bxe2 41. Bxe2 Nd4 42. Bd1 a6 43. Kd3 c5 44. bxc5 bxc5 45. Ke3 Nc6 46. Kd3 Kf6 47. Ke3 Nd4 48. Kd3 Kg7 49. Ke3 Kh6 50. Kf2 g5 51. hxg5+ Kxg5 52. Ke3 h4 53. gxh4+ Kxh4 54. Kf2 a5 55. Ke3 Kg3 56. Kd3 Kf4 57. Bh5 Nf3 58. Be8 Ng5 59. Bc6 Nh3 60. Ke2 Ng5 61. Kd3 Ne6 62. Bd5 Nd4 63. Bb7 Kf3 64. Bd5 Kf2 65. Kd2 Ne2 66. Bc6 Ng3 67. Bd5 Nf1+ 68. Kd3 Ke1 69. Kc3 Nd2 70. Kd3 Kd1 71. Bc6 Nb1 72. a4 Kc1 73. Ke3 Kc2 74. Kf3 Kd3 75. Bd5 Nc3 76. Kg4 Nxa4 77. Kf5 Kd4 78. Ke6 Nc3 0-1

[Event "Ludwigshafen-ch 21st"]
[Site "Ludwigshafen"]
[Date "2007.09.01"]
[Round "4"]
[White "Pitic, Jasmin"]
[Black "Popp, Klaus"]
[Result "1-0"]
[WhiteElo "2230"]
[BlackElo "1880"]
[PlyCount "91"]
[EventDate "2007.08.25"]
[EventType "swiss"]
[EventRounds "7"]
[EventCountry "GER"]
[SourceTitle "EXT 2008"]
[Source "ChessBase"]
[SourceDate "2007.11.25"]
[SourceVersion "1"]
[SourceVersionDate "2007.11.25"]
[SourceQuality "1"]

1. d4 Nf6 2. Nf3 d6 3. c4 g6 4. Nc3 Bg7 5. e4 0-0 6. Be2 Nc6 7. d5 Nb8 8. 0-0 Nbd7 9. Qc2 a5 10. Rb1 Nc5 11. b3 Nfxe4 12. Nxe4 Nxe4 13. Bb2 Bxb2 14. Rxb2 Nc5 15. Nd4 e5 16. dxe6 fxe6 17. a3 Bd7 18. b4 axb4 19. axb4 Na4 20. Rb3 e5 21. Nf3 Bf5 22. Qd2 Qe7 23. Qd5+ Kg7 24. Rc1 c6 25. Qd2 Rfb8 26. Re3 c5 27. b5 Nb6 28. Rd1 Nc8 29. g3 Ra4 30. Qc3 Qf6 31. Nd2 h5 32. Bd3 Ne7 33. Be4 Be6 34. Bc2 Ra2 35. Ne4 Qf5 36. Bb1 Qg4 37. f3 Qh3 38. Bxa2 Nf5 39. Re2 Nd4 40. Rf2 Rf8 41. Nxd6 Rxf3 42. Qe1 Rxg3+ 43. Kh1 Nf3 44. Qe4 Ng5 45. Qxe5+ Kh6 46. Qxg3 1-0

[Event "Ludwigshafen-ch 21st"]
[Site "Ludwigshafen"]
[Date "2007.08.25"]
[Round "1"]
[White "Zielenski, Norbert"]
[Black "Pitic, Jasmin"]
[Result "0-1"]
[WhiteElo "1585"]
[BlackElo "2230"]
[PlyCount "54"]
[EventDate "2007.08.25"]
[EventType "swiss"]
[EventRounds "7"]
[EventCountry "GER"]
[SourceTitle "EXT 2008"]
[Source "ChessBase"]
[SourceDate "2007.11.25"]
[SourceVersion "1"]
[SourceVersionDate "2007.11.25"]
[SourceQuality "1"]

1. d4 Nf6 2. c4 e6 3. Nc3 Bb4 4. a3 Bxc3+ 5. bxc3 b6 6. Qc2 Bb7 7. e3 d6 8. Nf3 Ne4 9. Bd3 f5 10. a4 a5 11. 0-0 Nd7 12. Nd2 Ndf6 13. f3 Nxd2 14. Bxd2 0-0 15. e4 fxe4 16. fxe4 e5 17. Bg5 Qe7 18. Rf3 Rf7 19. c5 exd4 20. cxd4 Bxe4 21. Bxe4 Qxe4 22. Qf2 Ng4 23. Qa2 Raf8 24. Raf1 Qxd4+ 25. Be3 Nxe3 26. Rxf7 Nxf1+ 27. Rf2+ d5 0-1

[Event "Verbandsliga Nord Baden 0607"]
[Site "Germany"]
[Date "2007.03.11"]
[Round "7.3"]
[White "Eisenbeiser, Amadeus"]
[Black "Pitic, Jasmin"]
[Result "1/2-1/2"]
[WhiteElo "2352"]
[BlackElo "2187"]
[PlyCount "104"]
[EventDate "2006.10.22"]
[EventType "team"]
[EventRounds "9"]
[EventCountry "GER"]
[SourceTitle "EXT 2008"]
[Source "ChessBase"]
[SourceDate "2007.11.25"]
[SourceVersion "1"]
[SourceVersionDate "2007.11.25"]
[SourceQuality "1"]
[WhiteTeam "Buchen"]
[BlackTeam "Lampertheim"]
[WhiteTeamCountry "GER"]
[BlackTeamCountry "GER"]

1. e4 c6 2. d4 d5 3. Nc3 dxe4 4. Nxe4 Bf5 5. Ng3 Bg6 6. h4 h6 7. Nh3 Nf6 8. Nf4 Bh7 9. Bc4 e6 10. Qe2 Bd6 11. c3 0-0 12. Ngh5 Nbd7 13. Nxf6+ Qxf6 14. Nh5 Qf5 15. f4 Nf6 16. Nxf6+ Qxf6 17. Qf2 Qf5 18. Rh3 Qe4+ 19. Kf1 c5 20. Bd3 Qd5 21. Bxh7+ Kxh7 22. Be3 c4 23. h5 b5 24. a3 a5 25. Rc1 Kh8 26. Bd2 Rab8 27. g4 b4 28. axb4 axb4 29. f5 bxc3 30. Bxc3 exf5 31. gxf5 f6 32. Ra1 Rb5 33. Rf3 Re8 34. Re1 Rxe1+ 35. Kxe1 Qe4+ 36. Qe2 Qh4+ 37. Kd2 Qxh5 38. Qe4 Rb8 39. Re3 Qh2+ 40. Kd1 Qh5+ 41. Kc2 Qh2+ 42. Re2 Qf4 43. Qd5 Rd8 44. Qe6 Kh7 45. d5 Qf3 46. Re3 Qf2+ 47. Re2 Qb6 48. Qf7 Qb3+ 49. Kd2 Bf4+ 50. Ke1 Bg3+ 51. Kd2 Bf4+ 52. Ke1 Bg3+ 1/2-1/2

[Event "Verbandsliga Nord Baden 0607"]
[Site "Germany"]
[Date "2006.12.17"]
[Round "4.3"]
[White "Pitic, Jasmin"]
[Black "Vidonyak, Roman"]
[Result "0-1"]
[WhiteElo "2187"]
[BlackElo "2400"]
[PlyCount "68"]
[EventDate "2006.10.22"]
[EventType "team"]
[EventRounds "9"]
[EventCountry "GER"]
[SourceTitle "EXT 2008"]
[Source "ChessBase"]
[SourceDate "2007.11.25"]
[SourceVersion "1"]
[SourceVersionDate "2007.11.25"]
[SourceQuality "1"]
[WhiteTeam "Lampertheim"]
[BlackTeam "Hockenheim"]
[WhiteTeamCountry "GER"]
[BlackTeamCountry "GER"]

1. d4 d5 2. c4 dxc4 3. e3 Nf6 4. Nc3 a6 5. Bxc4 e6 6. Nf3 c5 7. 0-0 b5 8. Bd3 Bb7 9. dxc5 Bxc5 10. Qe2 Nbd7 11. e4 Rc8 12. Bg5 h6 13. Bh4 Qb6 14. a4 b4 15. a5 Qc6 16. Nd5 Nxd5 17. exd5 Qxd5 18. Bxa6 Nb8 19. Bxb7 Qxb7 20. a6 Qa7 21. Qb5+ Qd7 22. Qa5 Qa7 23. Qa4+ Kf8 24. Ne5 Kg8 25. Rfd1 Kh7 26. Qc2+ f5 27. g4 Be7 28. Qxc8 Rxc8 29. Bxe7 Rc2 30. Nd3 Nxa6 31. Bxb4 Qd4 32. Bc3 Qxg4+ 33. Kf1 Qf3 34. Kg1 Nc5 0-1

[Event "Hassloch op 21st"]
[Site "Hassloch"]
[Date "2006.06.06"]
[Round "7"]
[White "Pitic, Jasmin"]
[Black "Grabarczyk, Bogdan"]
[Result "0-1"]
[WhiteElo "2203"]
[BlackElo "2475"]
[PlyCount "92"]
[EventDate "2006.06.02"]
[EventType "swiss"]
[EventRounds "7"]
[EventCountry "GER"]
[SourceTitle "CBM 112 Extra"]
[Source "ChessBase"]
[SourceDate "2006.07.14"]
[SourceVersion "1"]
[SourceVersionDate "2006.07.14"]
[SourceQuality "1"]

1. d4 f5 2. Nf3 Nf6 3. g3 g6 4. Bg2 Bg7 5. 0-0 0-0 6. c4 d6 7. Nc3 Nc6 8. d5 Na5 9. Qd3 c5 10. Bf4 Ne4 11. Bd2 Nxd2 12. Nxd2 a6 13. a4 Bd7 14. e3 Rb8 15. Rfe1 Qb6 16. Qc2 Qc7 17. Bf1 b6 18. f4 e5 19. Nf3 Rbe8 20. Rad1 Qd8 21. h4 Qf6 22. Qh2 h6 23. Qc2 e4 24. Nd2 g5 25. hxg5 hxg5 26. Re2 Kf7 27. Ndb1 gxf4 28. gxf4 Nxc4 29. b3 Na5 30. Rh2 Rh8 31. Rdd2 Bc8 32. Qd1 Reg8 33. Rxh8 Rxh8 34. Rh2 Qg6+ 35. Rg2 Qh5 36. Bc4 Bf6 37. Kf2 Nxc4 38. bxc4 Qh3 39. Qg1 Bd7 40. Ke2 Qh1 41. Qf1 Qxf1+ 42. Kxf1 Rh1+ 43. Rg1 Rh3 44. Kf2 Bh4+ 45. Ke2 Rh2+ 46. Kd1 Bf2 0-1

[Event "Hassloch op 21st"]
[Site "Hassloch"]
[Date "2006.06.04"]
[Round "4"]
[White "Dann, Matthias"]
[Black "Pitic, Jasmin"]
[Result "1/2-1/2"]
[WhiteElo "2106"]
[BlackElo "2203"]
[PlyCount "53"]
[EventDate "2006.06.02"]
[EventType "swiss"]
[EventRounds "7"]
[EventCountry "GER"]
[SourceTitle "CBM 112 Extra"]
[Source "ChessBase"]
[SourceDate "2006.07.14"]
[SourceVersion "1"]
[SourceVersionDate "2006.07.14"]
[SourceQuality "1"]

1. e4 c6 2. d4 d5 3. Nd2 dxe4 4. Nxe4 Bf5 5. Ng3 Bg6 6. h4 h6 7. Nf3 Nd7 8. h5 Bh7 9. Bd3 Bxd3 10. Qxd3 e6 11. Bd2 Ngf6 12. 0-0-0 Be7 13. Ne4 Nxe4 14. Qxe4 Nf6 15. Qe2 Qd5 16. c4 Qe4 17. Qxe4 Nxe4 18. Be3 0-0 19. Ne5 Rfd8 20. g4 Bf6 21. f3 Bg5 22. Rhe1 Bxe3+ 23. Rxe3 Nf6 24. Kc2 Nd7 25. Nxd7 Rxd7 26. Red3 Rad8 27. Kc3 1/2-1/2

[Event "Verbandsliga Nord Baden 0405"]
[Site "Germany"]
[Date "2005.03.13"]
[Round "8.4"]
[White "Birnbaum, Detlev"]
[Black "Pitic, Jasmin"]
[Result "0-1"]
[WhiteElo "2156"]
[BlackElo "2201"]
[PlyCount "64"]
[EventDate "2004.10.10"]
[EventType "team"]
[EventRounds "9"]
[EventCountry "GER"]
[SourceTitle "EXT 2007"]
[Source "ChessBase"]
[SourceDate "2006.11.23"]
[SourceVersion "1"]
[SourceVersionDate "2006.11.23"]
[SourceQuality "1"]
[WhiteTeam "Viernheim II"]
[BlackTeam "Lampertheim"]
[WhiteTeamCountry "GER"]
[BlackTeamCountry "GER"]

1. d4 d5 2. g3 Bf5 3. Bg2 e6 4. c4 c6 5. Nf3 Nf6 6. 0-0 Be7 7. Nc3 h6 8. Nd2 Nbd7 9. e4 dxe4 10. Ndxe4 0-0 11. Bf4 Nxe4 12. Nxe4 Nf6 13. Nc3 Qb6 14. Qd2 Rfd8 15. c5 Qb4 16. Be5 Ng4 17. a3 Qb3 18. Bc7 Rd7 19. h3 Nf6 20. Be5 Bxc5 21. g4 Bg6 22. Bxf6 gxf6 23. Qxh6 Rxd4 24. Rad1 Qxb2 25. Ne4 Bxe4 26. Bxe4 Rxe4 27. Rd7 Re1 28. Rd2 Rxf1+ 29. Kxf1 Qb1+ 30. Kg2 Qe4+ 31. Kf1 Qg6 32. Qf4 Qg5 0-1

[Event "Verbandsliga Nord Baden 0405"]
[Site "Germany"]
[Date "2005.02.27"]
[Round "7.3"]
[White "Lex, Christoph"]
[Black "Pitic, Jasmin"]
[Result "1-0"]
[WhiteElo "2223"]
[BlackElo "2201"]
[PlyCount "95"]
[EventDate "2004.10.10"]
[EventType "team"]
[EventRounds "9"]
[EventCountry "GER"]
[SourceTitle "EXT 2007"]
[Source "ChessBase"]
[SourceDate "2006.11.23"]
[SourceVersion "1"]
[SourceVersionDate "2006.11.23"]
[SourceQuality "1"]
[WhiteTeam "Kirchheim II"]
[BlackTeam "Lampertheim"]
[WhiteTeamCountry "GER"]
[BlackTeamCountry "GER"]

1. d4 d5 2. c4 c6 3. Nf3 Nf6 4. e3 Bf5 5. Nc3 e6 6. Be2 Nbd7 7. 0-0 Bd6 8. Qb3 Qb8 9. cxd5 exd5 10. h3 h6 11. Nh4 Bh7 12. f4 0-0 13. Nf3 Ne4 14. Ne5 Qc7 15. Nxe4 Bxe4 16. Bd2 Nf6 17. Rac1 Qb6 18. Qc3 Bh7 19. Bf3 Rad8 20. Be1 Ne4 21. Bxe4 Bxe4 22. Bh4 f6 23. Nd3 Rfe8 24. Nc5 Bxc5 25. dxc5 Qc7 26. Rcd1 Qf7 27. Be1 Qh5 28. Rd4 f5 29. Qa5 Rd7 30. Rf2 Re6 31. Qd2 g5 32. Qd1 g4 33. hxg4 fxg4 34. f5 Bxf5 35. Rdf4 Rf7 36. Bc3 Kf8 37. Bd4 Qg6 38. Qf1 g3 39. R2f3 Qh5 40. Rxg3 Be4 41. Rg7 Ree7 42. Rf6 Ke8 43. Rg8+ Kd7 44. Rd6+ Kc7 45. Qe1 b6 46. Rdd8 Bd3 47. cxb6+ axb6 48. Qg3+ 1-0

[Event "Baden VLN 0203"]
[Site "Baden"]
[Date "2003.05.04"]
[Round "9.3"]
[White "Pitic, Jasmin"]
[Black "Martin, Stefan"]
[Result "0-1"]
[WhiteElo "2200"]
[BlackElo "2223"]
[PlyCount "76"]
[EventDate "2002.10.13"]
[EventType "team-tourn"]
[EventRounds "9"]
[EventCountry "GER"]
[SourceTitle "EXT 2022"]
[Source "ChessBase"]
[SourceDate "2021.10.06"]
[SourceVersion "1"]
[SourceVersionDate "2021.10.06"]
[SourceQuality "1"]
[WhiteTeam "Weinheim"]
[BlackTeam "Viernheim II"]
[WhiteTeamCountry "GER"]
[BlackTeamCountry "GER"]

1. d4 Nf6 2. Nf3 d5 3. c4 e6 4. Nc3 Bb4 5. Bg5 Nbd7 6. e3 c5 7. cxd5 exd5 8. a3 Bxc3+ 9. bxc3 Qa5 10. Qb3 Ne4 11. Rc1 c4 12. Qb4 Qxb4 13. cxb4 a5 14. b5 Nb6 15. Bf4 Bd7 16. Nd2 Nxd2 17. Kxd2 Na4 18. e4 Bxb5 19. exd5 Rc8 20. Re1+ Kd8 21. Be2 Bd7 22. Bd1 c3+ 23. Kc1 Nb2 24. Re3 Re8 25. Rxe8+ Bxe8 26. Bc2 Rc4 27. Be3 b5 28. Bb3 Rc8 29. d6 f6 30. Be6 Rc6 31. d5 Rxd6 32. Kc2 b4 33. axb4 axb4 34. Bc5 Ba4+ 35. Kb1 Rxe6 36. dxe6 Nd3 37. Bb6+ Ke8 38. Be3 b3 0-1